000 02445nam a2200397 i 4500
001 000048544
003 DO-SdBNP
005 20250717150422.0
007 ta
008 190329s2017 dr abo 001 m spa d
020 _a9789945073058
040 _aDO-SdBNP
_bspa
_cBNPHU
_erda
041 _aspa
082 4 _a 370.114
_bE48m
_222
100 1 _aElmúdesi Espaillat, Leonor
_eautor
_4aut.
_976009
245 1 3 _aEl milagro de Consuelo :
_buna historia de valor para la eduación dominicana /
_cLeonor Elmúdesi Espaillat ; prólogo Juan Tomás Tavares.
264 _aSanto Domingo, República Dominicana :
_bEDUCA,
_c2017.
300 _a2 volumen :
_bilustraciones, fotografías, mapas ;
_c25 cm.
336 _atexto
_btxt
_2rdacontent
337 _asin mediación
_bn
_2rdamedia
338 _avolumen
_bnc
_2rdacarrier
500 _aIncluye datos biográficos de la autora en las solapas
500 _aAdaptación de la tesis del autor (doctoral--Universidad de Murcia, 2015) presentada originalmente bajo el título: Valores y desarrollo educativo; estudio de caso del municipio de Consuelo, San Pedro de Macorís, República Dominicana (1959-2012)
500 _a Incluye apéndices metodológicos (páginas 299-309)
504 _aBibliografía: páginas 281-290
505 0 _gv.1 .
_tTexto --
_tPresentación --
_tPrólogo, 21 --
_tIntroducción, 27 --
_tLa educación en valores: una aproximación conceptual, 37 --
_tLa formación en valores y la educación para la ciudadanía, 61 --
_tLa educación en valores en la República Dominicana, 91 --
_tEl Municipio de Consuelo, 109 --
_tPlanteamiento y metodología de la investigación, 123 --
_tResultados y discusión 135--.
_t Memoria fotográfica: Consuelo en el tiempo, 291 --
_tAnexos: material de investigación, 197 --
_gv.2.
_t Separata
590 _aInventariado, 2019/LP
650 7 _aEducación moral
_zRepública Dominicana
_z Consuelo (San Pedro de Macorís)
_xHistoria
_2LEMB
_988380
650 7 _aValores
_xEstudio y enseñanza
_zRepública Dominicana
_z Consuelo (San Pedro de Macorís)
_xHistoria
_988381
650 7 _aEscolas públicas
_zRepública Dominicana
_zConsuelo (San Pedro de Macorís)
_xHistoria
_988382
700 1 _aTavares, Juan Tomás,
_eprologuista
_945546
_4pr.
700 1 _aMármol, José,
_d1960-
_epresentador
_96454
_4pr.
710 2 _aAcción Empresarial por la Educación EDUCA
_984069
910 _aLP.Validado. Control de calidad MFF
942 _2ddc
_cLBS1
999 _c48032
_d48032